[Event "EICC 2017"]
[Site "Minsk"]
[Date "2017.06.08"]
[Round "9"]
[White "Pacher, Milan"]
[Black "Lopez Martinez, Josep Manuel"]
[Result "0-1"]
[WhiteElo "2450"]
[BlackElo "2597"]
[Annotator "TA"]
[PlyCount "84"]
[EventDate "2017.??.??"]
[EventCountry "BLR"]
[SourceTitle "playchess.com"]
[Source "ChessBase"]
[SourceQuality "1"]

{[%evp 15,84,0,0,0,8,4,20,0,0,-2,0,0,23,10,24,-8,0,0,0,0,27,31,72,77,76,47,41,44,60,62,75,73,84,0,0,0,0,0,0,0,0,-85,-99,-109,-114,-92,-91,-150,-161,-917,-913,-895,-836,-695,-530,-502,-506,-481,-416,-2041,-1975,-29986,-29987,-29987,-29978,-29976,-29977,-29989,-29989,-29989,-29990]} 1. e4 e6 2. d3 c5 3. g3 Nc6 4. Bg2 g6 5. Nf3 Bg7 6. O-O Nge7 7. Nbd2 O-O 8. Re1 e5 {LiveBook: 11 Games. A04: Unusual lines after 1 Nf3 and King's Indian Attack} 9. a3 d5 $146 ({Predecessor:} 9... d6 10. c3 h6 11. b4 b6 12. Bb2 Bg4 13. h3 Be6 14. Kh2 Qd7 15. b5 Nd8 16. a4 Nb7 17. d4 exd4 18. cxd4 {0-1 (28) Ivanchuk,V (2751)-Radjabov,T (2735) Odessa 2008}) 10. exd5 Nxd5 {The position is equal.} 11. Nc4 {[%cal Rc4e5]} f6 12. Nfd2 b6 13. a4 Rb8 14. Ne4 Kh8 15. a5 Be6 16. axb6 axb6 17. f4 Qd7 18. fxe5 fxe5 19. c3 Bh3 20. Bg5 Bxg2 21. Kxg2 h6 22. Bd2 Nde7 23. Qe2 Rfd8 24. Nf2 (24. Red1 $16) 24... b5 $1 $11 {[%cal Rb5c4]} 25. Na5 c4 {[%cal Bc5c4,Bc4d3,Bd3d2][%mdl 32]} 26. Qe4 Nxa5 27. Rxa5 cxd3 28. Bxh6 (28. Ng4 $11) 28... Bxh6 $17 29. Qxe5+ Bg7 30. Qxe7 {[#] Black must now prevent Ra7.} d2 31. Qh4+ ({Better is} 31. Re4 d1=Q 32. Nxd1 Qxe7 33. Rxe7 Rxd1 34. Raa7 Rd2+ 35. Kf1) 31... Kg8 {[%mdl 1024] Black has strong compensation.} 32. Rf1 $2 (32. Rd1) 32... Rf8 $19 33. Raa1 Rbe8 {[%cal Bb8e8,Be8e2,Be2f2][%mdl 32]} 34. Qg5 Qc6+ 35. Kg1 Re2 {[#] And now ...Qf3 would win.} 36. Rad1 Qd7 ({Inferior is} 36... Rf5 37. Qd8+ Rf8 38. Qd3 $14) 37. Qxg6 (37. b4 $142) 37... Qa7 {[%cal Rf8f2]} 38. Kg2 Rfxf2+ {Black mates.} 39. Rxf2 Rxf2+ 40. Kh3 Qd7+ 41. g4 Qd5 42. Qe8+ Rf8 {Precision: White = 45%, Black = 59%.} 0-1

[Event "EICC 2017"]
[Site "Minsk"]
[Date "2017.06.08"]
[Round "9"]
[White "Baghdasaryan, Vahe"]
[Black "Bacrot, Etienne"]
[Result "0-1"]
[WhiteElo "2449"]
[BlackElo "2696"]
[Annotator "TA"]
[PlyCount "72"]
[EventDate "2017.??.??"]
[EventCountry "BLR"]
[SourceTitle "playchess.com"]
[Source "ChessBase"]
[SourceQuality "1"]

{[%evp 26,72,99,98,135,29,58,63,47,50,60,61,50,22,79,81,75,79,86,52,56,36,35,34,30,0,0,0,6,10,14,0,0,-142,-134,-457,-475,-990,-971,-813,-607,-692,-462,-5895,-5606,-29985,-29986,-29988,-3012]} 1. e4 c5 2. Nf3 d6 3. d4 cxd4 4. Nxd4 Nf6 5. Nc3 a6 6. Bg5 e6 7. f4 Qc7 8. Qf3 Nbd7 9. O-O-O Be7 10. g4 b5 11. Bxf6 Nxf6 12. g5 Nd7 13. f5 Ne5 {[#]} 14. Qg3 $1 Nc6 {[#] B99: Sicilian Najdorf: 6 Bg5 e6 7 f4 Be7 8 Qf3 Qc7 9 0-0-0 Nbd7} (14... Bd7 15. h4 Nc6 16. Nxc6 Bxc6 17. a3 exf5 18. Bg2 fxe4 19. Rhe1 Rc8 20. Bxe4 Bxe4 21. Rxe4 O-O 22. Rd2 {½-½ (49) Hossain,E (2503)-Annaberdiev,M (2457) Doha 2006}) 15. g6 (15. Bxb5 $1 $16 axb5 16. Ndxb5) 15... hxg6 $146 ({Predecessor:} 15... Nxd4 16. gxf7+ Kxf7 17. Rxd4 Qc5 18. Rd3 Bf6 19. Bh3 Re8 20. Rxd6 Bxc3 21. fxe6+ Bxe6 22. Bxe6+ Rxe6 23. Rxe6 Bxb2+ 24. Kxb2 Kxe6 {½-½ (29) Miletic,A (2190)-Melia,K (1901) IECG email 2002}) 16. fxe6 Nxd4 $1 {White is slightly better.} 17. exf7+ Kxf7 18. Rxd4 {Hoping for Bg2.} Be6 19. Bd3 g5 (19... Qc5 $11 {remains equal.} 20. Rf1+ Kg8) 20. Nd5 $16 Bxd5 21. Rxd5 Kg8 22. e5 dxe5 23. Bf5 Rh6 24. Rd7 {[%mdl 1024] White has compensation.} Qc5 25. Rhd1 {aiming for R1d5.} (25. Re1 $5 {[%cal Re1e5]} Bf6 26. h3 $11) 25... Rf8 26. Be4 (26. R1d5 Qb4 $17) 26... Kh8 (26... Rh4 $5 {[%cal Rh4e4]} 27. Re1 (27. Bd5+ Kh8 $11) 27... Kh8 $11) 27. a3 b4 {[%cal Rb4a3]} 28. R1d5 Qc4 29. Bd3 ({Don't go for} 29. Rxe5 $2 bxa3 30. bxa3 (30. Rexe7 $2 a2 $19) 30... Bd6 $19) (29. Qxe5 $2 Bf6 $19) (29. Rxe7 $11 {was the only way to keep the balance.} Qxe4 30. Rexe5 Rf1+ 31. Kd2 Qf4+ 32. Qxf4 gxf4 33. axb4) 29... Qa2 $40 {[%mdl 128] Black is out for blood.} 30. a4 $2 {[%mdl 8192]} ({Avoid the trap} 30. Qxe5 $2 Bf6 $19) (30. Rxe7 $17 {was the crucial defense.} Qxd5 31. Kb1) 30... Bf6 $19 31. Be4 (31. Rxe5 $142 b3 32. Rf7) 31... g4 {( -> ...Bg5+)} 32. Kd2 Qxb2 33. Ke2 Qc1 {Threatens to win with ...b3!} 34. Rxe5 (34. Qf2 $142 Re8 35. R7d6) 34... Bxe5 35. Qxe5 Qf1+ 36. Ke3 Qe1+ {Precision: White = 23%, Black = 53%.} (36... Qf2+ $142 37. Kd3 Rh3+ 38. Qg3 Rxg3+ 39. hxg3 Qxg3+ 40. Kd4 Qc3+ 41. Kd5 Rc8 42. Re7 Rd8+ 43. Rd7 Rxd7+ 44. Ke6 Qd4 45. c4 Rd6+ 46. Kf5 Rf6+ 47. Kg5 Qxe4 48. Kh4 Qf4 49. Kh5 Rh6#) 0-1

[Event "EICC 2017"]
[Site "Minsk"]
[Date "2017.06.08"]
[Round "9"]
[White "Moroni, Luca Jr"]
[Black "Svane, Rasmus"]
[Result "0-1"]
[WhiteElo "2448"]
[BlackElo "2573"]
[Annotator "TA"]
[PlyCount "66"]
[EventDate "2017.??.??"]
[EventCountry "BLR"]
[SourceTitle "playchess.com"]
[Source "ChessBase"]
[SourceQuality "1"]

{[%evp 13,66,25,26,16,27,27,29,14,24,15,35,18,16,17,22,10,17,20,29,14,15,0,10,-1,4,-3,21,0,50,0,37,15,17,0,0,-24,0,0,0,-4,-7,-14,-18,-64,-72,-86,-79,-197,-209,-208,-198,-619,-612,-2085,-1931]} 1. c4 c6 2. d4 d5 3. Nc3 Nf6 4. cxd5 cxd5 5. Bf4 Nc6 6. e3 Bf5 7. Qb3 Na5 8. Qa4+ {D10: Slav Defence: 3 cxd5 (without early Nf3) and 3 Nc3} Bd7 9. Qc2 {Nb5 is the strong threat.} e6 10. Bd3 {White has an edge.} Nh5 11. Be5 Nc6 12. Qe2 (12. a3 {is more complex.} f6 13. Bg3 f5 14. Be2 Nf6 15. Nf3) 12... Nxe5 13. dxe5 g6 14. Nf3 {[#]} Bc5 $146 ({Predecessor:} 14... Bb4) 15. Rc1 Rc8 16. O-O O-O 17. Rfd1 Qe7 18. a3 a6 19. Qd2 (19. g4 $5 {[%cal Rg4h5]} Ng7 20. g5 $11) 19... Rfd8 20. h3 Be8 21. Ne2 Bb6 22. Ned4 f6 23. exf6 Nxf6 {[#] Threatens to win with ...Rxc1.} 24. Ne5 Nd7 (24... Bc7 $5 {[%cal Rc7e5]} 25. f4 Bxe5 26. fxe5 Nd7 $15) 25. Nxd7 Bxd7 26. Bb1 Rxc1 27. Rxc1 e5 $36 {[%mdl 2048] Black has some pressure.} 28. Ne2 Bc6 $1 29. Ba2 Kg7 30. Nc3 (30. Bb3 $17) 30... d4 $19 31. exd4 Rxd4 32. Qe1 $2 {[#]} (32. Qe3) 32... Qg5 $1 {[%csl Gc6][%cal Rg5g2]} 33. g3 Rd2 {Precision: White = 20%, Black = 73%.} 0-1

[Event "EICC 2017"]
[Site "Minsk"]
[Date "2017.06.08"]
[Round "9"]
[White "Stremavicius, Titas"]
[Black "Smirin, Ilia"]
[Result "1-0"]
[WhiteElo "2448"]
[BlackElo "2676"]
[Annotator "TA"]
[PlyCount "96"]
[EventDate "2017.??.??"]
[EventCountry "BLR"]
[SourceTitle "playchess.com"]
[Source "ChessBase"]
[SourceQuality "1"]

{[%evp 29,96,-10,2,-8,0,0,0,-32,-37,-34,0,0,0,-22,-14,-54,-50,-54,-27,-31,-33,-38,-19,-37,-30,-26,22,12,129,119,126,127,120,125,145,116,217,179,184,97,150,150,150,146,154,152,172,151,158,152,191,199,204,193,229,227,188,184,181,188,244,242,453,453,762,748,29983,29984,29996]} 1. d4 Nf6 2. c4 g6 3. Nc3 Bg7 4. e4 d6 5. Nf3 O-O 6. Be2 e5 7. dxe5 dxe5 8. Qxd8 Rxd8 9. Bg5 Re8 10. Nd5 Nxd5 11. cxd5 c6 12. Bc4 cxd5 13. Bxd5 Na6 14. O-O-O Nc7 15. Bb3 Be6 {LiveBook: 31 Games} 16. Nd2 {E92: King's Indian: Classical: 6 Be2 e5: 7 dxe5, 7 Be3 and Petrosian System without 7...Nbd7} a5 {[%cal Ba7a5,Ba5a4][%mdl 32]} (16... Rac8 $5 {[%cal Re6b3]} 17. Kb1 b6 $11) 17. Kb1 a4 18. Bc4 $146 {The position is equal.} ({Predecessor:} 18. Bxe6 Nxe6 {½-½ (18) Zeitlein,M (2369)-Armbrust,F (2291) Germany 2017}) 18... b5 19. Be2 Reb8 20. Rc1 Rb7 21. Ka1 f5 22. f3 Bf7 23. Rhd1 a3 {aiming for ...Ne6.} 24. b3 Ne6 25. Be3 Rd8 26. Nb1 Nd4 27. Nc3 Bf6 {Hoping for ...b4.} 28. Bxb5 f4 (28... Nxb5 $11 {keeps the balance.} 29. Rxd8+ Bxd8 30. Nxb5 Rxb5) 29. Bxd4 $1 $16 Rxd4 30. Kb1 Rxd1 31. Rxd1 Kf8 32. Rd7 Rb8 (32... Rxd7 $16 {might work better.} 33. Bxd7 Bh4) 33. Ra7 Be7 34. Bc6 (34. Ra4 $18) 34... Bc4 (34... Bxb3 $142 35. axb3 Rxb3+ 36. Kc2 Rb2+ 37. Kd3 Rxg2) 35. Nd5 Bxd5 36. exd5 {[%mdl 4096] Endgame KRB-KRB} h5 37. Kc2 Bc5 38. Rd7 Rb4 39. Rd8+ Kg7 {[#]} 40. d6 $1 {[%cal Bd5d6,Bd6d7][%mdl 32]} Rd4 41. d7 Kf6 42. Rc8 Be7 43. b4 Rxb4 {[#]} 44. Bd5 $1 Rb2+ (44... h4 $142 45. Rf8+ Kg5) 45. Kd3 $18 Rxg2 $2 (45... h4 46. Rc6+ Kg7) 46. h4 {White wants to mate with Rf8+!} e4+ (46... Kg7 $142 47. d8=Q Bxd8) 47. fxe4 Rh2 48. Re8 Bf8 {Precision: White = 74%, Black = 31%.} 1-0

[Event "EICC 2017"]
[Site "Minsk"]
[Date "2017.06.08"]
[Round "9"]
[White "Mikaelyan, Arman"]
[Black "Anton Guijarro, David"]
[Result "1-0"]
[WhiteElo "2444"]
[BlackElo "2660"]
[Annotator "TA"]
[PlyCount "87"]
[EventDate "2017.??.??"]
[EventCountry "BLR"]
[SourceTitle "playchess.com"]
[Source "ChessBase"]
[SourceQuality "1"]

{[%evp 9,87,4,31,24,34,32,32,38,39,35,43,49,54,47,64,22,50,0,2,-8,0,0,6,0,47,29,29,28,40,32,29,12,39,28,59,36,248,252,274,264,270,250,305,320,295,303,316,321,310,291,393,282,283,279,281,270,408,337,304,0,504,485,454,269,504,302,376,303,601,591,29987,29988,29988,29989,29989,29990,29990,29991,29991,29992]} 1. d4 f5 2. Bf4 Nf6 3. e3 e6 4. Be2 b6 5. Bh5+ $146 ({Predecessor:} 5. Bf3 d5 6. c4 c6 7. Nc3 Bd6 8. Nge2 O-O 9. O-O Ba6 10. cxd5 cxd5 11. Re1 Nc6 {1-0 (45) Morozevich,A (2683)-Kamsky,G (2637) Sochi 2016}) 5... g6 6. Bf3 {A80: Dutch Defence: Unusual White second moves} d5 7. c4 Bd6 8. Ne2 {White is slightly better.} c6 9. Nd2 O-O 10. Rc1 Bb7 11. h4 Ne4 12. Bxe4 fxe4 13. Bg5 Qe8 14. Nf4 (14. h5 $5) 14... Rf5 15. Qg4 h5 (15... e5 $5 {[%cal Re5f4]} 16. Ne2 h5 $15) 16. Qh3 Bxf4 17. Bxf4 Nd7 18. O-O c5 19. cxd5 exd5 20. dxc5 bxc5 21. Rfd1 Ba6 22. b4 d4 $2 (22... c4 $14) 23. Qg3 $1 $18 Be2 24. Re1 d3 25. Rc4 cxb4 26. Rxe4 Qf7 27. Rc1 ({Much less strong is} 27. Rxb4 $6 Ra5 $18) 27... Rc5 28. Rxc5 Nxc5 29. Rxb4 Rc8 30. Kh2 Bg4 31. f3 Bf5 32. Rc4 Kh7 (32... Bd7 {was worth a try.} 33. e4 Ne6) 33. Qg5 Qg7 {[#] intending ...Ne6.} 34. Qg3 $2 ({Only move:} 34. Rxc5 $1 $18 {[%mdl 512]} Rxc5 35. e4) 34... Qb2 $2 {[%mdl 8192]} (34... Qf7 $1 $11) 35. Be5 Qb7 ({Don't go for} 35... Qxd2 $2 36. Qg5) 36. a3 (36. Qg5 $142) 36... a5 $2 (36... Nd7 37. Rb4 Qa6) 37. e4 Bd7 38. Qf4 {Threatening mate with Qf7+.} Bb5 $2 (38... Be6) 39. Rc3 Ne6 40. Rxc8 {White mates.} Qxc8 41. Qf7+ Kh6 42. g4 hxg4 43. fxg4 Qf8 {[#]} 44. Bf4+ $1 {[%mdl 512] Precision: White = 69%, Black = 28%.} 1-0

[Event "EICC 2017"]
[Site "Minsk"]
[Date "2017.06.08"]
[Round "9"]
[White "Kjartansson, Gudmundur"]
[Black "Oleksiyenko, Mykhaylo"]
[Result "1/2-1/2"]
[WhiteElo "2437"]
[BlackElo "2636"]
[Annotator "TA"]
[PlyCount "96"]
[EventDate "2017.??.??"]
[EventCountry "BLR"]
[SourceTitle "playchess.com"]
[Source "ChessBase"]
[SourceQuality "1"]

{[%evp 15,96,27,18,3,14,14,14,9,21,-20,0,7,19,18,14,-2,6,-16,-16,-21,-17,-24,23,12,25,28,20,-66,-71,-72,-67,-82,-75,-75,-71,-64,-66,-93,-92,-127,-108,-131,-118,-123,-113,-115,-108,-120,-120,-113,-113,-163,-158,-171,-153,-159,-140,-145,-145,-138,-108,-104,-8,-8,-13,-23,-8,-8,-8,-8,0,0,0,0,0,0,0,0,0,0,0,0,0]} 1. Nf3 d5 2. g3 c6 3. Bg2 Bg4 4. O-O Nd7 5. d3 e5 6. e4 dxe4 {A07: Réti Opening: New York and Capablanca Systems} 7. dxe4 Ngf6 8. h3 Bh5 {LiveBook: 23 Games. White has an edge.} 9. Qe2 (9. Qe1 Be7 10. Nbd2 O-O 11. Nh4 Re8 12. Nc4 Qc7 13. f4 exf4 14. Bxf4 Qd8 15. g4 Nxe4 16. Nf5 Bc5+ 17. Kh2 Nd6 18. Ncxd6 Rxe1 19. Rfxe1 Bxd6 20. Bxd6 {1-0 (70) Dubov,D (2659)-Maletin,P (2587) Sochi 2015}) 9... Bc5 10. a4 $146 ({Predecessor:} 10. Rd1 Qc7 11. Nbd2 O-O 12. Nf1 Rfd8 13. Bd2 a5 14. Qe1 {½-½ (51) Lehtinen,H (2419)-Liiva,R (2451) Finland 2013}) 10... a5 11. Na3 O-O 12. Bd2 Bxa3 13. Rxa3 Nc5 14. g4 Bg6 15. Nxe5 (15. Be3 $5 {[%cal Re3c5]} Ne6 16. Rd3 $11 (16. Nxe5 Bxe4 17. f3 Qc7 $11)) 15... Bxe4 16. f3 Qd4+ 17. Qe3 Qxe5 18. fxe4 Nfd7 {[%cal Bf6d7,Bd7e5,Be5c4,Bc4d2][%mdl 32]} 19. Rf5 Qe7 20. b4 Ne6 21. Rxa5 (21. bxa5 $11 Nd4 22. Qxd4 Qxa3 23. a6) 21... Rxa5 $15 22. bxa5 Ne5 $36 {[%mdl 2048] Black is more active.} 23. Rb3 {[#]} Nc4 $1 {[%cal Rc4e3]} 24. Qf2 Nxd2 25. Qxd2 Rd8 26. Qf2 Rd1+ 27. Bf1 g5 28. Rd3 Ra1 29. Qf5 Rxa4 30. Qe5 h6 31. Rd2 Qc5+ 32. Qxc5 Nxc5 33. a6 Nxa6 ({But not} 33... bxa6 34. Rd6 $17) 34. Bxa6 bxa6 $19 {[%mdl 4096] Endgame KR-KR} 35. e5 Kf8 36. Rd6 Rc4 37. Rxh6 Rxc2 38. e6 Ke7 (38... fxe6 $17 {Hoping for ...Kf7.} 39. Rxe6 a5) 39. exf7 $11 Kxf7 {aiming for ...a5.} 40. h4 $1 a5 {[#] And now ...a4 would win.} 41. hxg5 {The position is equal.} a4 {White must now prevent ...a3.} 42. Rh7+ $1 Kg8 43. Ra7 Ra2 {Threatens to win with ...a3.} 44. Kf1 a3 45. Ke1 c5 46. Kd1 c4 47. Kc1 c3 48. g6 Kf8 {Precision: White = 69%, Black = 54%.} (48... Rb2 $5 {[%cal Ra3a2]} 49. Rxa3 Kg7 $11) 1/2-1/2

[Event "EICC 2017"]
[Site "Minsk"]
[Date "2017.06.08"]
[Round "9"]
[White "Korchmar, Vasiliy"]
[Black "Mista, Aleksander"]
[Result "0-1"]
[WhiteElo "2422"]
[BlackElo "2606"]
[Annotator "TA"]
[PlyCount "142"]
[EventDate "2017.??.??"]
[EventCountry "BLR"]
[SourceTitle "playchess.com"]
[Source "ChessBase"]
[SourceQuality "1"]

{[%evp 13,142,29,22,10,28,35,7,18,18,18,9,10,7,8,3,16,20,6,8,0,0,0,0,0,0,0,0,0,0,-1,0,-9,-9,-9,-9,-9,-9,-9,-9,-4,-6,0,0,0,0,0,0,0,0,0,0,0,0,0,0,0,0,0,0,0,0,0,-2,-1,0,-5,-5,-5,-7,-6,-5,-10,0,-8,0,0,0,0,0,-12,0,0,0,-5,-5,-5,-6,-8,0,-32,-32,-32,0,0,0,-32,-32,-50,-35,-34,-36,-29,-32,-32,-35,-31,-26,-240,-241,-243,-238,-235,-235,-270,-265,-295,-289,-477,-469,-29964,-29965,-29965,-29966,-29966,-29966,-29970,-29971,-29971,-29972,-29972,-29972]} 1. d4 Nf6 2. c4 g6 3. Nc3 d5 4. Bg5 Ne4 5. Bh4 Nxc3 6. bxc3 dxc4 7. e3 {[%cal Be2e3,Be3e4][%mdl 32]} Be6 8. Be2 {D80: Grünfeld: Unusual White 4th moves and 4 Bg5} Nd7 9. Nf3 Bg7 10. O-O {The position is equal.} O-O (10... Nb6 11. Qc2 O-O 12. Rfb1 Bd7 13. a4 a5 14. Bg3 Bc6 15. e4 Qd7 16. Rxb6 cxb6 {½-½ (101) Tomashevsky,E (2696)-Vachier Lagrave,M (2795) Moscow 2017}) 11. Ng5 Bd5 $1 12. e4 h6 13. exd5 {aiming for Nf3.} hxg5 14. Bxg5 Nb6 15. Qd2 Re8 16. Rab1 $146 ({Predecessor:} 16. f4 Nxd5 17. Kh1 Qd7 18. f5 gxf5 19. Bxc4 e6 20. Bh6 Ne7 21. h4 Kh7 22. Bg5 f6 {½-½ (22) Fernandez,D (2398)-Utiyama,M (2185) Sao Paulo 2013}) 16... Qxd5 17. Bf3 Qd6 18. Bxb7 Rab8 19. Bf3 e5 20. dxe5 Bxe5 21. g3 Na4 22. Rxb8 Rxb8 23. Qe3 Nxc3 24. Bf4 $132 {[%mdl 2048] White is fighting back} Bxf4 25. Qxc3 Be5 26. Qxc4 Rb4 27. Qd5 Qxd5 28. Bxd5 $11 {[%mdl 4096] Endgame KRB-KRB} Rb2 29. Rc1 Bd4 30. Rxc7 Rxf2 31. Kh1 g5 32. h3 Kf8 33. Bb3 f5 34. Rc2 Rf1+ 35. Kg2 Rg1+ 36. Kh2 Re1 37. Kg2 Ke7 38. Rd2 Bb6 39. Bc4 (39. Rd5 $5 {[%cal Rd5f5]}) 39... Rg1+ 40. Kh2 Rc1 41. Bb3 Re1 42. Bc4 Rc1 (42... Re4 $5 {[%cal Re4c4]} 43. Bb5 Kf6 $11) 43. Bb3 Rc3 44. Re2+ Be3 45. Kg2 Kd6 46. Bc2 Ke5 47. Kf3 f4 48. Bb3 Rc1 {next ...Rf1+ is good for Black.} 49. gxf4+ gxf4 50. Rg2 Kd4 51. Rg8 Rf1+ 52. Kg4 Rg1+ 53. Kf3 Rf1+ 54. Kg4 Bd2 55. h4 f3 56. Rd8+ Ke3 {And now ...Rg1+ would win.} 57. Bc4 Rg1+ 58. Kf5 Bc1 59. Rd3+ Kf2 60. h5 $2 (60. Rb3 $11 {and White stays safe.}) 60... Rg5+ $19 61. Ke4 Rg4+ 62. Kd5 Rh4 63. Rd1 Rxh5+ 64. Ke4 Rh4+ 65. Kd3 $2 (65. Kd5 {was the only defense.} Be3 66. Ba6) 65... Be3 66. Rb1 (66. Be6 $19 Bb6 67. Kc2) 66... Rd4+ {Black mates.} 67. Kc3 {[#]} Rxc4+ $1 {[%mdl 512]} 68. Kxc4 Ke2 69. Kc3 Bd2+ 70. Kc2 f2 71. Rh1 Bf4 {Precision: White = 62%, Black = 77%.} 0-1

[Event "EICC 2017"]
[Site "Minsk"]
[Date "2017.06.08"]
[Round "9"]
[White "Balashov, Yuri S"]
[Black "Buhmann, Rainer"]
[Result "1/2-1/2"]
[WhiteElo "2408"]
[BlackElo "2596"]
[Annotator "TA"]
[PlyCount "52"]
[EventDate "2017.??.??"]
[EventCountry "BLR"]
[SourceTitle "playchess.com"]
[Source "ChessBase"]
[SourceQuality "1"]

{[%evp 26,52,7,20,7,7,37,14,20,0,0,0,0,0,0,0,0,0,0,0,0,0,0,0,0,0,0,0,0]} 1. d4 Nf6 2. c4 e6 3. Nc3 Bb4 4. e3 b6 5. Bd3 Bb7 6. Nf3 Ne4 7. O-O Bxc3 8. bxc3 f5 9. Qc2 O-O 10. Ne1 d6 11. f3 {E43: Nimzo-Indian: Rubinstein: 4...b6} Nf6 12. e4 (12. d5 Qe7 13. e4 fxe4 14. fxe4 e5 15. Nf3 Na6 16. Nh4 Rf7 17. Nf5 Qf8 18. h3 Bc8 {½-½ (42) Moroni,L (2448)-Livaic,L (2430) Prague 2016}) 12... fxe4 13. fxe4 Nbd7 14. Nf3 {LiveBook: 5 Games. next Ng5 is good for White.} Qe7 15. Bd2 e5 16. Rae1 Rae8 $146 {The position is equal.} ({Predecessor:} 16... Kh8 17. Nh4 g6 18. Nf3 Ng8 {0-1 (43) Kostin,S (2175)-Horvath,A (2245) Rimavska Sobota 1996}) 17. c5 dxc5 18. dxe5 Nxe5 19. Nxe5 Qxe5 20. Bf4 Qe6 21. e5 $36 {[%mdl 2048] White fights for an advantage.} Nh5 22. Bxh7+ Kh8 23. Bd2 $1 {[#] Strongly threatening Rf5.} Rxf1+ 24. Rxf1 {Bg6 is the strong threat.} Bxg2 $1 25. Kxg2 {Threatens to win with Qe4.} Qg4+ $1 26. Kh1 Ng3+ $1 {Precision: White = 65%, Black = 68%.} 1/2-1/2

[Event "EICC 2017"]
[Site "Minsk"]
[Date "2017.06.08"]
[Round "9"]
[White "Sadovsky, Artem"]
[Black "Beliavsky, Alexander G"]
[Result "1-0"]
[WhiteElo "2407"]
[BlackElo "2589"]
[Annotator "TA"]
[PlyCount "149"]
[EventDate "2017.??.??"]
[EventCountry "BLR"]
[SourceTitle "playchess.com"]
[Source "ChessBase"]
[SourceQuality "1"]

{[%evp 25,149,0,0,0,0,0,0,0,24,23,14,25,24,0,50,69,78,74,52,33,39,33,107,86,95,35,40,40,39,34,35,43,47,34,79,67,147,142,135,77,77,75,87,77,77,74,76,72,85,52,76,49,43,29,46,42,59,43,75,77,77,81,81,77,74,52,75,64,64,64,62,27,34,30,64,50,64,54,64,64,64,64,64,64,64,64,64,64,64,64,64,22,64,64,87,64,64,64,64,64,76,83,266,267,247,261,234,225,232,239,414,401,1629,1652,6095,5889,5739,5716,5587,5406,1635,1325,29979,29980,29975,29976]} 1. c4 e5 2. g3 Nf6 3. Bg2 d5 4. cxd5 Nxd5 5. Nc3 Nb6 6. Nf3 Nc6 7. d3 Be7 8. O-O O-O 9. Be3 Be6 10. Ne4 Bd5 11. Nc3 Be6 12. Rc1 Qd7 13. Ne4 f6 14. Nc5 {A29: English Opening: Four Knights Variation with 4 g3} (14. Bc5 Rad8 15. a3 f5 16. Ned2 e4 17. Ne1 Rfe8 18. b4 Bf6 19. Qc2 Ne5 20. d4 Ng4 21. Bxb6 axb6 {0-1 (49) Gashimov,V (2579)-Graf,A (2630) Dubai 2003}) 14... Bxc5 $1 15. Bxc5 Rfd8 16. Qc2 {The position is equal.} Bh3 17. Rfd1 Bxg2 18. Kxg2 Qe6 19. b4 $146 {[%cal Bb2b4,Bb4b5][%mdl 32]} ({Predecessor:} 19. a3 Rd7 20. b4 a6 21. h3 Rad8 {0-1 (36) Skarke,H-Leiber,B Germany 1985}) 19... Rd7 20. b5 Nd4 21. Bxd4 exd4 22. Rd2 a6 23. a4 {[%cal Ba2a4,Ba4a5][%mdl 32]} Qd5 (23... axb5 $14 24. axb5 Ra5) 24. a5 $16 Nc8 25. Qc5 (25. Qc4 $16) 25... Qxc5 $1 $14 26. Rxc5 {Strongly threatening Rdc2.} axb5 27. Rxb5 c6 28. Rc5 Na7 29. Ra2 Re8 30. Kf1 Kf7 ({Better is} 30... Rd6 $14) 31. Ra4 Red8 32. Rb4 (32. Rcc4 $142) 32... Nb5 {[#]} 33. a6 $1 {[%mdl 512]} bxa6 34. Rxc6 Rd6 35. Rc2 Re6 36. Ra4 g5 37. Ra5 Rdd6 38. Nd2 Rc6 39. Nc4 Ke7 40. Rb2 Kd7 41. Ra1 Kc7 42. Na5 Rc5 43. Nb3 Rcc6 44. Ra4 Red6 45. Kg2 g4 46. Ra1 h5 47. Na5 Rc5 48. Nc4 Re6 49. Ra5 Kb7 50. h4 Ka7 51. Kf1 Rd5 52. Rba2 Rc6 53. f3 f5 54. Kf2 Rdc5 55. Ra1 Kb7 56. f4 Re6 57. R1a2 Rec6 58. Rb2 Ka7 59. Rb4 Rd5 60. Ne5 Rcc5 61. Rba4 Rd6 62. Nc4 $36 {[%mdl 2048] White has some pressure.} Re6 63. Na3 Rb6 $2 (63... Kb7 $16 {was called for.}) 64. Nxb5+ Rcxb5 65. Rxb5 Rxb5 66. Rxd4 $18 {[%mdl 4096] Endgame KR-KR} a5 {[#]} 67. e4 $1 {[%cal Be2e4,Be4f5,Bf5f6,Bf6f7][%mdl 32]} Rb2+ $2 (67... Kb6 {keeps fighting.} 68. Ke3 Rc5) 68. Ke3 Rg2 (68... Rb1 $142 69. exf5 Kb6) 69. exf5 Rxg3+ 70. Ke4 Rg1 71. f6 Rb1 72. f7 Rb8 73. Kf5 Ka6 74. Re4 Rf8 75. Kf6 {Precision: White = 65%, Black = 36%.} 1-0